Vacaciones en invierno : (Record no. 85792)

MARC details
000 -LEADER
campo de control de longitud fija 00625nam a2200205 i 4500
001 - NÚMERO DE CONTROL
campo de control 85792
003 - IDENTIFICADOR DE NÚMERO DE CONTROL
campo de control ES-MaACL
005 - FECHA Y HORA DE LA ÚLTIMA TRANSACCIÓN
campo de control 20230906175318.0
007 - CAMPO FIJO DE DESCRIPCIÓN FÍSICA--INFORMACIÓN GENERAL
campo de control de longitud fija t|
008 - DATOS DE LONGITUD FIJA--INFORMACIÓN GENERAL
campo de control de longitud fija 041201s1971 sp |||| | spa d
080 ## - NÚMERO DE LA CLASIFICACIÓN DECIMAL UNIVERSAL
Número de la Clasificación Decimal Universal 860-992"19"
100 1# - ENTRADA PRINCIPAL--NOMBRE DE PERSONA
Nombre de persona Juan Franco, Antonino de.
9 (RLIN) 174977
245 10 - MENCIÓN DEL TÍTULO
Título Vacaciones en invierno :
Resto del título veinte días de febrero en la Costa del Sol /
Mención de responsabilidad, etc. Antonino de Juan.
260 ## - PUBLICACIÓN, DISTRIBUCIÓN, ETC.
Lugar de publicación, distribución, etc. [Madrid :
Nombre del editor, distribuidor, etc. s.n.,
Fecha de publicación, distribución, etc. 1971] (
Fabricante Imp. Europa)
300 ## - DESCRIPCIÓN FÍSICA
Extensión 157 p. ;
Dimensiones 19 cm.
651 #4 - PUNTO DE ACCESO ADICIONAL DE MATERIA--NOMBRE GEOGRÁFICO
Nombre geográfico Costa del Sol-
Subdivisión general Descripción.
9 (RLIN) 168712
852 4# - LOCALIZACIÓN
Ubicación ES-MaACL
Número de control de estantería C-40189
852 4# - LOCALIZACIÓN
Ubicación ES-MaACL
Número de control de estantería E-5026
852 4# - LOCALIZACIÓN
Ubicación ES-MaACL
Número de control de estantería C-40236
Holdings
Estatus retirado Estado de pérdida Estado de daño No para préstamo Biblioteca de origen Biblioteca actual Ubicación en estantería Fecha de adquisición Fuente de adquisición Total de préstamos Signatura topográfica completa Código de barras Visto por última vez Precio de reemplazo Tipo de ítem Koha
        Biblioteca del Ateneo de Madrid Biblioteca del Ateneo de Madrid Depósito 2 12/12/2018     C-40236 1199435 23/02/2023 23/02/2023 Libro impreso
        Biblioteca del Ateneo de Madrid Biblioteca del Ateneo de Madrid Depósito 2 17/01/2008     C-40189 1089654 23/02/2023 23/02/2023 Libro impreso
        Biblioteca del Ateneo de Madrid Biblioteca del Ateneo de Madrid Depósito 2 17/01/2008     E-5026 1089655 23/02/2023 23/02/2023 Libro impreso